LEADER 01362nam 2200361 450 001 996280841103316 005 20231206213937.0 010 $a1-5044-0249-9 024 70$a10.1109/IEEESTD.1942.7393384 035 $a(CKB)3710000000578025 035 $a(NjHacI)993710000000578025 035 $a(EXLCZ)993710000000578025 100 $a20231206d1942 uy 0 101 0 $aeng 135 $aur||||||||||| 181 $ctxt$2rdacontent 182 $cc$2rdamedia 183 $acr$2rdacarrier 200 10$aAIEE Number 27-1942 $eAIEE Standards for Switchgear Assemblies /$fIEEE 210 1$aPiscataway, NJ :$cIEEE,$d1942. 215 $a1 online resource (14 pages) 330 $aThese standards cover assemblies of switchgear devices such as switches, interrupting devices, control, metering, protective and regulating equipment with associated interconnections and supporting structures. These standards do not apply to industrial control equipment, communication switchboards and switching equipment, or switchboards for shipboard. 606 $aElectric switchgear 606 $aElectric standards 615 0$aElectric switchgear. 615 0$aElectric standards. 676 $a621.317 801 0$bNjHacI 801 1$bNjHacl 906 $aDOCUMENT 912 $a996280841103316 996 $aAIEE Number 27-1942$93646969 997 $aUNISA